| 000 | 00737nam a2200241Ia 4500 | ||
|---|---|---|---|
| 003 | GCL | ||
| 008 | 140319s9999 xx 000 0 ara d | ||
| 040 |
_aGCL / _cGCL |
||
| 082 | 0 | 4 |
_aق _b350 _bى ت |
| 100 | 1 | _aحسن يوسف | |
| 245 | 1 | 0 |
_aتاريخ الوزارات المصرية 1953-1878 / _cحسن يوسف |
| 700 | 1 | _aيونان لبيب رزق | |
| 260 |
_aالقاهرة : _bمركز الدراسات السياسية والاستراتيجية - الأهرام ، _c1975 |
||
| 300 | _a542 ص | ||
| 490 | _a | ||
| 650 | 0 | 4 | _aالعصر الحديث |
| 650 | 0 | 4 | _aمصر |
| 650 | 0 | 4 | _aتاريخ |
| 650 | 0 | 4 | _aرجال الدولة |
| 650 | 0 | 4 | _aالوزراء |
| 650 | 0 | 4 | _aالحكومات |
| 942 |
_2ddc _cBK |
||
| 999 |
_c59055 _d59055 |
||